Death metal and music criticism (Record no. 16219)

MARC details
000 -LEADER
fixed length control field 00634nam a22001697a 4500
008 - FIXED-LENGTH DATA ELEMENTS--GENERAL INFORMATION
fixed length control field 161014b xxu||||| |||| 00| 0 eng d
040 ## - CATALOGING SOURCE
Original cataloging agency KABU
Transcribing agency KABU
050 ## - LIBRARY OF CONGRESS CALL NUMBER
Classification number ML3534
Item number .P45 2012 C.1
100 ## - MAIN ENTRY--PERSONAL NAME
Personal name Phillipov, Michelle
245 ## - TITLE STATEMENT
Title Death metal and music criticism
Remainder of title analysis at the limits
Statement of responsibility, etc. by Michelle Phillipov
260 ## - PUBLICATION, DISTRIBUTION, ETC. (IMPRINT)
Place of publication, distribution, etc. New York
Name of publisher, distributor, etc. Lexington books
Date of publication, distribution, etc. 2012
300 ## - PHYSICAL DESCRIPTION
Extent xx, 158 p.
650 ## - SUBJECT ADDED ENTRY--TOPICAL TERM
Source of heading or term Death metal (music)
General subdivision History and criticism
650 ## - SUBJECT ADDED ENTRY--TOPICAL TERM
Source of heading or term Music criticism
General subdivision Political aspects
650 ## - SUBJECT ADDED ENTRY--TOPICAL TERM
Source of heading or term Popular music
General subdivision History and criticism
-- Political aspects
942 ## - ADDED ENTRY ELEMENTS (KOHA)
Source of classification or shelving scheme Library of Congress Classification
Koha item type General Collection
Classification part ML3534 .P45 2012 C.1
Holdings
Withdrawn status Lost status Source of classification or shelving scheme Not for loan Home library Current library Shelving location Date acquired Cost, normal purchase price Total Checkouts Full call number Barcode Date last seen Copy number Price effective from Koha item type
    Library of Congress Classification   Kabarak, Main Campus Kabarak, Main Campus General Stacks 14/10/2016 4048.38   ML3534 .P45 2012 C.1 026884 14/10/2016 C.1 14/10/2016 General Collection
Designed with assistance from East African Informatics Ltd